000 00620cam a2200217 a 4500
001 000000999
005 20200929145448.0
008 001205s2001 sp 000 1 spa
020 _a8439590091
082 _a863.64
_bC341u, 2001
100 1 _aCaso, Ángeles,
_d1959-
_93242
245 1 0 _aUn largo silencio /
_cÁngeles Caso.
250 _a[7a ed.]
260 _aBarcelona :
_bPlaneta DeAgostini,
_c2001.
300 _a216 p. ;
_c22 cm.
440 0 _aEscritoras de Hoy.
_93481
650 4 _aNovela española
_91123
650 4 _aLiteratura española
_9632
910 _aCatalogación por copia/ LC
999 _c979
_d979
040 _aDO-SdBNP